MARC details
| 000 -LEADER |
| campo de control de longitud fija |
01382nam a22003977a 4500 |
| 003 - IDENTIFICADOR DE NÚMERO DE CONTROL |
| campo de control |
OSt |
| 005 - FECHA Y HORA DE LA ÚLTIMA TRANSACCIÓN |
| campo de control |
20230823132906.0 |
| 008 - DATOS DE LONGITUD FIJA--INFORMACIÓN GENERAL |
| campo de control de longitud fija |
221006b |||||||| |||| 00| 0 eng d |
| 040 ## - FUENTE DE CATALOGACIÓN |
| Centro/agencia transcriptor |
Biblioteca Lado V |
| 082 ## - NÚMERO DE LA CLASIFICACIÓN DECIMAL DEWEY |
| Número de clasificación |
708 |
| Número de ítem |
O77m |
| 100 ## - ENTRADA PRINCIPAL--NOMBRE DE PERSONA |
| 9 (RLIN) |
960 |
| Nombre de persona |
Ortiz Serrano, Gustavo |
| Término indicativo de función/relación |
director |
| 245 ## - MENCIÓN DEL TÍTULO |
| Título |
Museo de Arte Contemporáneo de Bogotá/ |
| Resto del título |
Phylum Artthrópoda/ |
| 260 ## - PUBLICACIÓN, DISTRIBUCIÓN, ETC. |
| Fecha de publicación, distribución, etc. |
2015 |
| Nombre del editor, distribuidor, etc. |
UNIMINUTO |
| Lugar de publicación, distribución, etc. |
Bogota |
| -- |
Colombia |
| 300 ## - DESCRIPCIÓN FÍSICA |
| Dimensiones |
21.5x28cm |
| Extensión |
24p. |
| 490 ## - MENCIÓN DE SERIE |
| Mención de serie |
6 |
| Designación de volumen o secuencia |
1 |
| Número Internacional Normalizado para Publicaciones Seriadas |
2422-1856 |
| 505 ## - NOTA DE CONTENIDO CON FORMATO |
| Título |
METAMORFOSIS POST-INDUSTRIAL |
| 505 ## - NOTA DE CONTENIDO CON FORMATO |
| Título |
INSTALACIÓN DE TEXTILES Y ACCESORIOS |
| 505 ## - NOTA DE CONTENIDO CON FORMATO |
| Título |
DIZYTHROPODS |
| 505 ## - NOTA DE CONTENIDO CON FORMATO |
| Título |
LUIZA 1111 |
| 505 ## - NOTA DE CONTENIDO CON FORMATO |
| Título |
JUAN DAVID QUINTERO, CURADOR |
| 505 ## - NOTA DE CONTENIDO CON FORMATO |
| Título |
KHARTTESSECTION |
| 505 ## - NOTA DE CONTENIDO CON FORMATO |
| Título |
MINI-INSECTARIOS |
| 505 ## - NOTA DE CONTENIDO CON FORMATO |
| Título |
FAIRY DIZYTHROPODS |
| 505 ## - NOTA DE CONTENIDO CON FORMATO |
| Título |
MARIANA/ YUBELI/ ZEPHYRUS/ PENÉLOPE/ AMANDA/ SOPHIE |
| 505 ## - NOTA DE CONTENIDO CON FORMATO |
| Título |
EXUVIAS |
| 505 ## - NOTA DE CONTENIDO CON FORMATO |
| Título |
ASTARTEA/ VENUS WITCH |
| 505 ## - NOTA DE CONTENIDO CON FORMATO |
| Título |
JENNIFER CARO/ LEO CARREÑO |
| 505 ## - NOTA DE CONTENIDO CON FORMATO |
| Título |
ARTTHROPOGENESIS/ KORSETT |
| 505 ## - NOTA DE CONTENIDO CON FORMATO |
| Título |
VENUS WITCH |
| 650 ## - PUNTO DE ACCESO ADICIONAL DE MATERIA--TÉRMINO DE MATERIA |
| Fuente del encabezamiento o término |
Tesauro de Arte & Arquitectura |
| Término de materia o nombre geográfico como elemento de entrada |
ARTE |
| 650 ## - PUNTO DE ACCESO ADICIONAL DE MATERIA--TÉRMINO DE MATERIA |
| Fuente del encabezamiento o término |
Tesauro de Arte & Arquitectura |
| Término de materia o nombre geográfico como elemento de entrada |
METAMORFOSIS |
| 9 (RLIN) |
702 |
| 650 ## - PUNTO DE ACCESO ADICIONAL DE MATERIA--TÉRMINO DE MATERIA |
| Fuente del encabezamiento o término |
Tesauro de Arte & Arquitectura |
| Término de materia o nombre geográfico como elemento de entrada |
INSECTOS |
| 9 (RLIN) |
703 |
| 650 ## - PUNTO DE ACCESO ADICIONAL DE MATERIA--TÉRMINO DE MATERIA |
| Fuente del encabezamiento o término |
Tesauro de Arte & Arquitectura |
| Término de materia o nombre geográfico como elemento de entrada |
TEXTILES Y ACCESORIOS |
| 650 ## - PUNTO DE ACCESO ADICIONAL DE MATERIA--TÉRMINO DE MATERIA |
| Fuente del encabezamiento o término |
Tesauro de Arte & Arquitectura |
| Término de materia o nombre geográfico como elemento de entrada |
CAMBIOS DE PIEL |
| 942 ## - ELEMENTOS DE ENTRADA SECUNDARIOS (KOHA) |
| Fuente del sistema de clasificación o colocación |
Clasificación Decimal Dewey |
| Tipo de ítem Koha |
Libros |
| Parte de la signatura que corresponde a la clasificación (Parte de la clasificación) |
708 |
| Parte de la signatura que identifica el ejemplar (Parte del ítem) |
O77m |
| Suprimir en OPAC |
No |